000
00302nam a2200109Ia 4500
008
200302s9999 xx 000 0 und d
100
_a
Vilhelm Helander & Other
245
_a
Modern Architecture in Finland Suomalainen Rakennustaide
260
_b
Kirjayhtyma Co. Ltd.
260
_c
1987
300
_a
208 P.,
999
_c
2320
_d
2320